000
00265nam a2200109Ia 4500
008
190907s9999||||xx |||||||||||||| ||und||
100
_a
Chappell,Laure
245
0
_a
Cisco Router Configuration
260
_a
India
_b
The McGraw-Hill
_c
1998
300
_a
534
942
_c
BK
999
_c
6368
_d
6368